[Event "Farum 61 years op"]
[Site "Farum"]
[Date "2004.10.13"]
[Round "4"]
[White "Damm, Kasper Wilken"]
[Black "Petersen, Peter Birk"]
[Result "1/2-1/2"]
[WhiteElo "2238"]
[BlackElo "2210"]
[PlyCount "99"]
[EventDate "2004.10.10"]
[EventType "swiss"]
[EventRounds "7"]
[EventCountry "DEN"]
[SourceTitle "EXT 2018"]
[Source "ChessBase"]
[SourceDate "2017.10.13"]
[SourceVersion "1"]
[SourceVersionDate "2017.10.13"]
[SourceQuality "1"]

1. e4 c5 2. Nf3 e6 3. d4 cxd4 4. Nxd4 Nc6 5. Nc3 Qc7 6. f4 a6 7. Nxc6 bxc6 8. Bd3 d6 9. 0-0 Nf6 10. Qf3 Bb7 11. Nd1 Be7 12. b3 d5 13. e5 Nd7 14. c4 g6 15. Bb2 0-0 16. Kh1 a5 17. Nf2 a4 18. Qh3 a3 19. Bc3 c5 20. cxd5 exd5 21. Rac1 Ba6 22. Bxa6 Rxa6 23. Ng4 f5 24. Nh6+ Kg7 25. e6+ Nf6 26. Nf7 Qb7 27. Be5 h5 28. Ng5 Kg8 29. Bxf6 Bxf6 30. Rxc5 Bxg5 31. fxg5 Rxe6 32. Qc3 Qg7 33. Qxg7+ Kxg7 34. Rc2 Rfe8 35. Kg1 d4 36. Rd1 Re4 37. h3 Kf7 38. Kf2 h4 39. Rd3 Ke6 40. Rc6+ Kd5 41. Rxg6 Rf4+ 42. Rf3 Rxf3+ 43. gxf3 d3 44. Rg7 Kd4 45. Rd7+ Kc3 46. g6 d2 47. g7 Kc2 48. Rc7+ Kb2 49. Rd7 Kc2 50. Rc7+ 1/2-1/2

[Event "Farum 61 years op"]
[Site "Farum"]
[Date "2004.10.11"]
[Round "2"]
[White "Ulrich, Jesper"]
[Black "Damm, Kasper Wilken"]
[Result "0-1"]
[WhiteElo "2070"]
[BlackElo "2238"]
[PlyCount "74"]
[EventDate "2004.10.10"]
[EventType "swiss"]
[EventRounds "7"]
[EventCountry "DEN"]
[SourceTitle "EXT 2018"]
[Source "ChessBase"]
[SourceDate "2017.10.13"]
[SourceVersion "1"]
[SourceVersionDate "2017.10.13"]
[SourceQuality "1"]

1. d4 g6 2. c4 Bg7 3. Nc3 c5 4. d5 d6 5. e4 Nf6 6. Be2 0-0 7. Bg5 h6 8. Bh4 e6 9. Qd2 exd5 10. cxd5 Re8 11. f3 a6 12. a4 Nxe4 13. Bxd8 Nxd2 14. Bc7 Nb3 15. Ra3 Nd4 16. Kd2 Nd7 17. Bxd6 b6 18. Bd3 Ne5 19. Bc7 Nxd3 20. Kxd3 b5 21. axb5 Nxb5 22. Nxb5 axb5 23. Rxa8 Bf5+ 24. Kd2 Rxa8 25. g4 Bd7 26. Bd6 c4 27. Ba3 c3+ 28. bxc3 Rxa3 29. Ne2 b4 30. cxb4 Rxf3 31. Rc1 Bxg4 32. Rc4 Bf5 33. b5 Rd3+ 34. Ke1 Rxd5 35. Rb4 Bd3 36. b6 Rb5 37. Rxb5 Bxb5 0-1

[Event "North Sea Cup 19th"]
[Site "Esbjerg"]
[Date "2004.07.03"]
[Round "1"]
[White "Damm, Kasper Wilken"]
[Black "Kristensen, Jorgen Juul"]
[Result "1-0"]
[WhiteElo "2241"]
[BlackElo "2264"]
[PlyCount "73"]
[EventDate "2004.07.03"]
[EventType "swiss"]
[EventRounds "9"]
[EventCountry "DEN"]
[SourceTitle "CBM 101 Extra"]
[Source "ChessBase"]
[SourceDate "2004.09.01"]
[SourceVersion "2"]
[SourceVersionDate "2004.09.01"]
[SourceQuality "1"]

1. e4 e5 2. Nf3 Nc6 3. Bc4 Be7 4. d4 exd4 5. Nxd4 Nf6 6. Nxc6 dxc6 7. Qxd8+ Bxd8 8. 0-0 0-0 9. Re1 Re8 10. f3 b5 11. Bf1 Be7 12. Be3 Bd7 13. Nd2 Be6 14. Nb3 a6 15. c3 Bf8 16. Kf2 Nd7 17. Nd4 c5 18. Nxe6 Rxe6 19. c4 c6 20. Rac1 Rb8 21. b3 Rb7 22. g3 Rd6 23. f4 f6 24. Ke2 Re6 25. Kf3 Rc7 26. h4 h6 27. Bh3 Rd6 28. Bf5 g5 29. hxg5 hxg5 30. Rh1 Bg7 31. Rc2 bxc4 32. Rxc4 Nf8 33. Rxc5 Ne6 34. Bxe6+ Rxe6 35. fxg5 fxg5 36. Rxg5 Rce7 37. Bd4 1-0

[Event "DEN-ch cand"]
[Site "Koge"]
[Date "2004.04.12"]
[Round "7"]
[White "Damm, Kasper Wilken"]
[Black "Andreasen, Per Naesby"]
[Result "1/2-1/2"]
[WhiteElo "2169"]
[BlackElo "2284"]
[PlyCount "74"]
[EventDate "2004.04.??"]
[EventType "swiss"]
[EventRounds "7"]
[EventCountry "DEN"]
[SourceTitle "CBM 099 Extra"]
[Source "ChessBase"]
[SourceDate "2004.05.04"]
[SourceVersion "1"]
[SourceVersionDate "2004.05.04"]
[SourceQuality "1"]

1. e4 g6 2. d4 Bg7 3. c4 d6 4. Nc3 e5 5. dxe5 dxe5 6. Be3 Qxd1+ 7. Rxd1 c6 8. Be2 Bh6 9. Bxh6 Nxh6 10. Nf3 f6 11. Nd2 Be6 12. b4 a5 13. Rb1 axb4 14. Rxb4 Ra7 15. 0-0 Nd7 16. Rfb1 Nc5 17. Nb3 Nxb3 18. R1xb3 Bc8 19. Ra4 Rxa4 20. Nxa4 Nf7 21. Nb6 Be6 22. Ra3 Ke7 23. Ra7 Rb8 24. c5 Nd8 25. f3 Bf7 26. Bc4 Bxc4 27. Nxc4 Ne6 28. Na5 Nd8 29. Kf2 Kd7 30. Ke3 Kc7 31. g3 Ne6 32. Nb3 Rd8 33. f4 Kb8 34. Ra4 Rd1 35. fxe5 fxe5 36. Rb4 Rb1 37. a3 Kc7 1/2-1/2

[Event "DEN-ch cand"]
[Site "Koge"]
[Date "2004.04.10"]
[Round "5"]
[White "Lund, Silas Esben"]
[Black "Damm, Kasper Wilken"]
[Result "0-1"]
[WhiteElo "2289"]
[BlackElo "2169"]
[PlyCount "156"]
[EventDate "2004.04.??"]
[EventType "swiss"]
[EventRounds "7"]
[EventCountry "DEN"]
[SourceTitle "CBM 099 Extra"]
[Source "ChessBase"]
[SourceDate "2004.05.04"]
[SourceVersion "1"]
[SourceVersionDate "2004.05.04"]
[SourceQuality "1"]

1. d4 g6 2. e4 Bg7 3. c4 c5 4. d5 d6 5. Nc3 Nf6 6. Be2 0-0 7. Bg5 h6 8. Bf4 e6 9. dxe6 Bxe6 10. Bxd6 Re8 11. Nf3 Nc6 12. 0-0 Nd4 13. e5 Nd7 14. Re1 Nxe2+ 15. Qxe2 Bg4 16. Rad1 Qa5 17. Rd5 Rac8 18. Nb5 a6 19. b4 Qd8 20. Nc3 cxb4 21. Bxb4 Qc7 22. Rxd7 Qxd7 23. Nd5 Qa4 24. Ne7+ Kh7 25. a3 Rc7 26. Nd5 Rc6 27. Ng5+ hxg5 28. Qxg4 Qb3 29. Qd7 Rxe5 30. Rxe5 Bxe5 31. Qxf7+ Bg7 32. h4 Qb1+ 33. Kh2 Qf5 34. Qxb7 Rxc4 35. Bc3 Rxc3 36. Nxc3 Qe5+ 37. g3 Qxc3 38. Qxa6 gxh4 39. gxh4 Qf3 40. Qa7 Qf4+ 41. Kh3 Kh8 42. Qe3 Qf5+ 43. Kg3 Kh7 44. Qe7 Qd3+ 45. Kg2 Qd5+ 46. Kg3 Qh1 47. Qe3 Qg1+ 48. Kh3 Qh1+ 49. Kg3 Bf6 50. Qa7+ Kg8 51. Qb8+ Kf7 52. Qc7+ Be7 53. Qf4+ Kg8 54. Qc4+ Kg7 55. Qd4+ Kh7 56. a4 Qe1 57. Kg2 Qe6 58. Kg3 Qf5 59. Kg2 Bc5 60. Qd2 Qg4+ 61. Kf1 Qxa4 62. Qg5 Qd4 63. Qg3 Be7 64. Qc7 Qxh4 65. Kg2 Kh6 66. f3 Qg5+ 67. Kh3 Bc5 68. Qb8 Qf6 69. Kg2 Bd6 70. Qc8 Bf4 71. Qh3+ Kg7 72. Qd7+ Qf7 73. Qd4+ Kh7 74. Qd8 Qa2+ 75. Kf1 Qb1+ 76. Ke2 Qc2+ 77. Kf1 Qc1+ 78. Kg2 Qd2+ 0-1

[Event "DEN-ch cand"]
[Site "Koge"]
[Date "2004.04.07"]
[Round "2"]
[White "Christensen, Bo Garner"]
[Black "Damm, Kasper Wilken"]
[Result "0-1"]
[WhiteElo "2296"]
[BlackElo "2169"]
[PlyCount "124"]
[EventDate "2004.04.??"]
[EventType "swiss"]
[EventRounds "7"]
[EventCountry "DEN"]
[SourceTitle "CBM 099 Extra"]
[Source "ChessBase"]
[SourceDate "2004.05.04"]
[SourceVersion "1"]
[SourceVersionDate "2004.05.04"]
[SourceQuality "1"]

1. Nf3 g6 2. c4 Bg7 3. g3 d6 4. Bg2 e5 5. d3 f5 6. Nc3 Nf6 7. Qb3 Nbd7 8. Be3 c6 9. h3 Qe7 10. 0-0-0 Nc5 11. Qa3 Ne6 12. Na4 Nd7 13. g4 0-0 14. gxf5 Rxf5 15. h4 Nf4 16. Bxf4 exf4 17. Rde1 b5 18. Nc3 bxc4 19. dxc4 Nc5 20. Ng5 f3 21. Bxf3 Rxf3 22. Nxf3 Bf5 23. e4 Nd3+ 24. Kb1 Bg4 25. Nd2 Rb8 26. Nb3 Nxe1 27. Rxe1 Rf8 28. c5 d5 29. Nc1 d4 30. Na4 Rxf2 31. Qg3 Re2 32. Qb3+ Kh8 33. Qb8+ Bf8 34. Rxe2 Bxe2 35. Nxe2 Qxe4+ 36. Kc1 Kg7 37. Nf4 Be7 38. Qc7 Kh6 39. b3 Bxh4 40. Qf7 Qe1+ 41. Kc2 Bg3 42. Ne6 Qe2+ 43. Kc1 Qe3+ 44. Kb2 Be5 45. Qf1 d3+ 46. Ka3 g5 47. Qh1+ Kg6 48. Qxc6 Qc1+ 49. Kb4 Qe1+ 50. Kb5 d2 51. Nd4+ Bf6 52. Nc3 Qe5 53. Nd1 Qxd4 54. Qe8+ Kh6 55. Qe2 Kg7 56. b4 g4 57. Ka4 Qd7+ 58. Ka3 h5 59. Qe4 a5 60. bxa5 Qb5 61. c6 g3 62. Ne3 Bb2# 0-1

[Event "Copenhagen AS04 Centenary"]
[Site "Copenhagen"]
[Date "2004.02.14"]
[Round "8"]
[White "Damm, Kasper Wilken"]
[Black "Nielsen, Nicholas"]
[Result "1-0"]
[WhiteElo "2169"]
[BlackElo "2105"]
[PlyCount "119"]
[EventDate "2004.02.07"]
[EventType "swiss"]
[EventRounds "9"]
[EventCountry "DEN"]
[SourceTitle "CBM 098 Extra"]
[Source "ChessBase"]
[SourceDate "2004.03.10"]
[SourceVersion "2"]
[SourceVersionDate "2004.03.10"]
[SourceQuality "1"]

1. e4 c5 2. Nf3 e6 3. d4 cxd4 4. Nxd4 Nf6 5. Nc3 Nc6 6. Ndb5 d6 7. Bf4 e5 8. Bg5 a6 9. Na3 b5 10. Bxf6 gxf6 11. Nd5 f5 12. Bd3 Be6 13. Qh5 Rg8 14. c3 Rxg2 15. Nc2 f4 16. a4 bxa4 17. Rxa4 Rg6 18. Bxa6 Bh6 19. Qe2 Kf8 20. f3 Bh3 21. Kd1 Rg2 22. Qb5 Ne7 23. Kc1 Rb8 24. Qa5 Nxd5 25. Qxd5 Be6 26. Qa5 Qg5 27. Re1 Rxc2+ 28. Kxc2 Bb3+ 29. Kb1 Bxa4 30. Qxa4 Qg2 31. Be2 Qf2 32. Qd1 Qb6 33. b4 Bg5 34. Bc4 Qc6 35. Qd5 Qxd5 36. Bxd5 Bd8 37. Rg1 Bb6 38. Rg2 Rc8 39. Kb2 Be3 40. Kb3 Rc7 41. Ra2 Ra7 42. Rxa7 Bxa7 43. Kc4 Ke7 44. Kb5 Kd7 45. Bxf7 Kc7 46. c4 Bd4 47. c5 dxc5 48. bxc5 h6 49. Kc4 Kc6 50. Be8+ Kc7 51. Kd5 Kd8 52. Bg6 Kd7 53. h4 Kc7 54. h5 Kd7 55. Bf5+ Kc7 56. c6 Bc3 57. Bd7 Kb8 58. Kd6 Be1 59. Kxe5 Bg3 60. Kd6 1-0